Titres de livres à compléter - 2 - Statistiques

Statistiques générales
  • Ce quiz a été pris 442 fois
    439 depuis la dernière actualisation
  • Le résultat moyen est 14 sur 50
Statistiques - réponses
Mots Livres Auteurs % Correct
Recherche A la ___________ du temps perdu Marcel Proust
96%
Roméo __________ et Juliette William Shakespeare
84%
Orgueil ___________ et préjugés Jane Austen
77%
Crève Marche ou __________ Stephen King
70%
Heures Vingt-quatre __________ de la vie d'une femme Stefan Zweig
69%
Humaine La bête __________ Emile Zola
65%
Eté Soudain l'__________ dernier Tennessee Williams
49%
Parfum Le ___________ ( Histoire d'un meurtrier ) Patrick Süskind
44%
Puce La _________ à l'oreille Claude Duneton
44%
Contes Les __________ de ma mère l'Oye Charles Perrault
43%
Peau La mémoire dans la __________ Robert Ludlum
42%
14 Ceux de __________ Maurice Genevoix
41%
Docteur L'île du ___________ Moreau H.G. Wells
37%
714 Vol __________ pour Sydney Hergé
35%
Ane Voyage avec un _________ dans les Cévennes Robert-Louis Stevenson
35%
Jours Trois _________ chez ma mère François Weyergans
35%
Temps La nuit des ___________ René Barjavel
35%
Versets Les ____________ sataniques Salman Rushdie
35%
Arverne Le bouclier ___________ Goscinny & Uderzo
29%
Disparition La ____________ de Stéphanie Mailer Joël Dicker
29%
Hérisson L'élégance du ____________ Muriel Barbery
29%
Espérances Les grandes ______________ Charles Dickens
25%
Suicides Le magasin des ____________ Jean Teulé
24%
Métaphysique ______________ des tubes Amélie Nothomb
22%
Crédit Mort à ___________ Louis-Ferdinand Céline
21%
Tiffany Petit-déjeuner chez __________ Truman Capote
21%
Go La joueuse de __________ Shan Sa
20%
Montagne La __________ magique Thomas Mann
19%
Maître Le ___________ des illusions Donna Tartt
18%
Mort La __________ d'un lac Arthur Upfield
18%
Ferme La __________ africaine Karen Blixen
16%
Marchait La vieille qui ___________ dans la mer Frédéric Dard
16%
Anatomie ___________ d'un crime Elizabeth George
14%
Extension ____________ du domaine de la lutte Michel Houellebecq
14%
Palais La reine dans le ___________ des courants d'air Stieg Larsson
14%
Anomalie L'___________ Hervé Le Tellier
13%
Oeil L'_________ le plus bleu Toni Morrison
12%
Recluse Quand sort la ____________ Fred Vargas
12%
France Fortune de __________ Robert Merle
10%
Auberge L'____________ de la Jamaïque Daphné Du Maurier
9%
Privée La vie très _________ de Mr Sim Jonathan Coe
7%
Fils Ramsès - Le _________de la lumière Christian Jacq
5%
Garçon Un __________ d'Italie Philippe Besson
5%
Noisettes Les ___________ sauvages Robert Sabatier
5%
Théorème Le ____________ du perroquet Denis Guedj
5%
Allah __________ n'est pas obligé Ahmadou Kourouma
4%
Etrangleur L'_____________ de Cater Street Anne Perry
3%
Pierre La _________ et le sabre Eiji Yoshikawa
3%
Destins Le porteur de __________ Gilbert Bordes
2%
Glace La vierge dans la ___________ Ellis Peters
2%
Aucun quiz correspondant
Distribution des résultats
% des personnes avec chaque résultat
Percentile par nombre de réponses
Votre historique - résultats
Vous n’avez pas pris ce quiz depuis la dernière actualisation